| 000 | 00540nam a22001937a 4500 | ||
|---|---|---|---|
| 003 | KOHA_MİRAKIL | ||
| 005 | 20251022143035.0 | ||
| 008 | 251022b tu ||||| |||| 00| 0 tur d | ||
| 020 | _a9789750515507 | ||
| 040 |
_aTR-AnABB _btur _cTR-AnABB |
||
| 041 | _atur | ||
| 082 |
_a813.42 _bSAY 2014 |
||
| 100 | 1 | _aSaymaz, İsmail, | |
| 245 | 1 | 0 |
_aEsas duruşta cinayet / _cİsmail Saymaz |
| 260 |
_aİstanbul : _bİletişim Yayınları, _c2014 |
||
| 300 |
_a293 sayfa ; _c20 cm |
||
| 650 | 0 | 4 | _aTürk edebiyatı, roman |
| 942 |
_2ddc _cBK |
||
| 999 |
_c9188 _d9188 |
||
| 900 | _bGizem YORULMAZ | ||